[Event "Hallstahammar op"]
[Site "Hallstahammar"]
[Date "2001.09.09"]
[Round "7"]
[White "Stolt, KG."]
[Black "Wiman, Daniel"]
[Result "1/2-1/2"]
[WhiteElo "1657"]
[BlackElo "1481"]
[PlyCount "59"]
[EventDate "2001.??.??"]
[EventType "swiss"]
[EventRounds "7"]
[EventCountry "SWE"]
[SourceTitle "EXT 2006"]
[Source "ChessBase"]
[SourceDate "2005.11.24"]
[SourceVersion "1"]
[SourceVersionDate "2005.11.24"]
[SourceQuality "1"]

1. e4 a6 2. Nf3 b5 3. d4 Bb7 4. Bd3 Nf6 5. e5 Nd5 6. c4 bxc4 7. Bxc4 e6 8. 0-0 c5 9. Qb3 Qc7 10. Nc3 Nb6 11. d5 Nxd5 12. Nxd5 Bxd5 13. Bxd5 exd5 14. Qxd5 Qc6 15. Rd1 Qxd5 16. Rxd5 Nc6 17. Bd2 Nb4 18. Bxb4 cxb4 19. Rad1 Ra7 20. Nd4 h5 21. Nf5 g6 22. Nd6+ Bxd6 23. Rxd6 Ke7 24. Rc1 Rb8 25. Rc5 Rb5 26. Rdd5 Rxc5 27. Rxc5 d6 28. exd6+ Kxd6 29. Rc4 a5 30. Kf1 1/2-1/2

[Event "Hallstahammar op"]
[Site "Hallstahammar"]
[Date "2001.09.08"]
[Round "5"]
[White "Norqvist, Lars"]
[Black "Wiman, Daniel"]
[Result "1-0"]
[WhiteElo "1820"]
[BlackElo "1481"]
[PlyCount "75"]
[EventDate "2001.??.??"]
[EventType "swiss"]
[EventRounds "7"]
[EventCountry "SWE"]
[SourceTitle "EXT 2006"]
[Source "ChessBase"]
[SourceDate "2005.11.24"]
[SourceVersion "1"]
[SourceVersionDate "2005.11.24"]
[SourceQuality "1"]

1. e4 a6 2. d4 b5 3. Nf3 Bb7 4. Bd3 Nf6 5. Qe2 e6 6. Bg5 Be7 7. 0-0 d5 8. e5 Nfd7 9. Bf4 c5 10. c3 Nc6 11. Nbd2 cxd4 12. cxd4 Rc8 13. Rac1 Nb4 14. Bb1 h6 15. a3 Nc6 16. b4 Nxb4 17. axb4 Bxb4 18. Nb3 Rc4 19. Bd2 Bxd2 20. Qxd2 Qb6 21. Na5 0-0 22. Nxc4 dxc4 23. Qc2 f5 24. Qc3 a5 25. Ba2 Bd5 26. Nd2 Rc8 27. Qe3 Qa6 28. Rc2 b4 29. Rfc1 c3 30. Bxd5 exd5 31. e6 Nf6 32. Nb3 Kf8 33. Nc5 Qc6 34. Qe5 Ke7 35. Qxf5 Rf8 36. Qg6 Qd6 37. Qxg7+ Kd8 38. Nb7+ 1-0

[Event "Hallstahammar op"]
[Site "Hallstahammar"]
[Date "2001.09.07"]
[Round "2"]
[White "Pettersson, Rolf"]
[Black "Wiman, Daniel"]
[Result "1-0"]
[WhiteElo "1771"]
[BlackElo "1481"]
[PlyCount "53"]
[EventDate "2001.??.??"]
[EventType "swiss"]
[EventRounds "7"]
[EventCountry "SWE"]
[SourceTitle "EXT 2006"]
[Source "ChessBase"]
[SourceDate "2005.11.24"]
[SourceVersion "1"]
[SourceVersionDate "2005.11.24"]
[SourceQuality "1"]

1. d4 d5 2. Nf3 Nc6 3. c4 e5 4. dxe5 Bb4+ 5. Bd2 dxc4 6. e3 Be6 7. Qa4 Qe7 8. Nd4 Bxd2+ 9. Nxd2 Qb4 10. Qxb4 Nxb4 11. Ne4 Nd3+ 12. Bxd3 cxd3 13. Nxe6 fxe6 14. 0-0-0 0-0-0 15. f4 Ne7 16. Nc5 Nf5 17. Nxe6 Nxe3 18. Nxd8 Nxd1 19. Rxd1 Rxd8 20. Kd2 c5 21. Kc3 Rd4 22. g3 b5 23. Rxd3 b4+ 24. Kd2 Re4 25. Re3 Rd4+ 26. Ke2 Kd7 27. Rd3 1-0